[Event "Pardubice rapid op 34th"]
[Site "Pardubice"]
[Date "2023.07.19"]
[Round "3"]
[White "Reichel, Tomas"]
[Black "Panjer, Sidney"]
[Result "0-1"]
[WhiteElo "1958"]
[BlackElo "2090"]
[PlyCount "64"]
[EventDate "2023.07.19"]
[EventType "swiss (rapid)"]
[EventRounds "9"]
[EventCountry "CZE"]
[SourceTitle "CBM 215 Extra"]
[Source "ChessBase"]
[SourceDate "2023.09.30"]
[SourceVersion "1"]
[SourceVersionDate "2023.09.30"]
[SourceQuality "1"]

1. e4 e5 2. f4 exf4 3. Nf3 g5 4. h4 g4 5. Ng5 h6 6. Nxf7 Kxf7 7. Qxg4 d5 8. Qxf4+ Kg7 9. exd5 Bd6 10. Qf3 Nf6 11. d4 Bg4 12. Qb3 Ne4 13. Rh3 Bxh3 14. Qxh3 Re8 15. Be3 Bg3+ 16. Ke2 Qxh4 17. Qf5 Nd6 18. Qf3 Bf4 19. g3 Qxg3 20. Qxg3+ Bxg3 21. Kf3 Rf8+ 22. Kg2 Bf4 23. Bf2 Nd7 24. Nc3 Nf6 25. Bd3 Rae8 26. Kf3 Bg5 27. Kg2 Nfe4 28. Be1 Nxc3 29. Bxc3 Nf5 30. Bb4 Rf7 31. d6 Nxd6 32. d5 Ref8 0-1

[Event "CZE-chT2D 1314"]
[Site "Czech Republic"]
[Date "2014.03.23"]
[Round "10.7"]
[White "Gnida, Patrik"]
[Black "Reichel, Tomas"]
[Result "1/2-1/2"]
[WhiteElo "1996"]
[BlackElo "1927"]
[PlyCount "31"]
[EventDate "2013.11.03"]
[EventType "team-tourn"]
[EventRounds "11"]
[EventCountry "CZE"]
[SourceTitle "EXT 2016"]
[Source "ChessBase"]
[SourceDate "2015.10.08"]
[SourceVersion "1"]
[SourceVersionDate "2015.10.08"]
[SourceQuality "1"]
[WhiteTeam "Velke Losiny"]
[BlackTeam "Havlickuv Brod"]
[WhiteTeamCountry "CZE"]
[BlackTeamCountry "CZE"]

1. e4 e5 2. Nf3 Nc6 3. Bb5 a6 4. Ba4 Nf6 5. 0-0 b5 6. Bb3 Be7 7. Re1 0-0 8. h3 d5 9. exd5 Nxd5 10. Nxe5 Nxe5 11. Rxe5 c6 12. Bxd5 cxd5 13. d4 Bd6 14. Re1 Bc7 15. Qf3 b4 16. Bf4 1/2-1/2

[Event "CZE-ch Juniors op-A"]
[Site "Kouty nad Desnou"]
[Date "2009.03.10"]
[Round "5"]
[White "Tazlar, Petr"]
[Black "Reichel, Tomas"]
[Result "0-1"]
[WhiteElo "1879"]
[BlackElo "1792"]
[PlyCount "48"]
[EventDate "2009.03.07"]
[EventType "swiss"]
[EventRounds "9"]
[EventCountry "CZE"]
[SourceTitle "EXT 2011"]
[Source "ChessBase"]
[SourceDate "2010.11.26"]
[SourceVersion "1"]
[SourceVersionDate "2010.11.26"]
[SourceQuality "1"]

1. e4 e5 2. Nf3 Nc6 3. d4 exd4 4. Nxd4 Qh4 5. Qd3 Ne5 6. Qe2 Nf6 7. Nd2 d5 8. g3 Qg4 9. f3 Qd7 10. c3 Bd6 11. h4 dxe4 12. fxe4 0-0 13. Bh3 Nfg4 14. Nf5 h5 15. 0-0 Bc5+ 16. Kh1 g6 17. Nb3 gxf5 18. Nxc5 Qc6 19. b4 b6 20. Bg2 bxc5 21. exf5 Ba6 22. Qd2 Qf6 23. Bxa8 Bxf1 24. Bb2 Qxf5 0-1

[Event "CZE-ch Juniors op-A"]
[Site "Sec u Chrudimi"]
[Date "2008.03.14"]
[Round "8"]
[White "Santora, Jiri"]
[Black "Reichel, Tomas"]
[Result "0-1"]
[WhiteElo "1858"]
[BlackElo "1719"]
[PlyCount "58"]
[EventDate "2008.03.08"]
[EventType "swiss"]
[EventRounds "9"]
[EventCountry "CZE"]
[SourceTitle "EXT 2009"]
[Source "ChessBase"]
[SourceDate "2008.11.26"]
[SourceVersion "1"]
[SourceVersionDate "2008.11.26"]
[SourceQuality "1"]

1. e4 e5 2. Nf3 Nc6 3. Bc4 Bc5 4. c3 Nf6 5. d4 exd4 6. cxd4 Bb4+ 7. Nc3 0-0 8. 0-0 Bxc3 9. bxc3 d5 10. exd5 Nxd5 11. Qc2 Bg4 12. Ng5 g6 13. Re1 Bf5 14. Ne4 Bxe4 15. Rxe4 Re8 16. Bh6 Qd6 17. Rae1 Nf6 18. Rxe8+ Rxe8 19. Rxe8+ Nxe8 20. Qa4 Nf6 21. Qb5 Ng4 22. d5 Qxh2+ 23. Kf1 Qxh6 24. dxc6 Qd2 25. Bxf7+ Kg7 26. Qe2 Nh2+ 27. Kg1 Qxe2 28. cxb7 Ng4 29. Bc4 Qxc4 0-1

[Event "CZE-ch Juniors op-A"]
[Site "Sec u Chrudimi"]
[Date "2008.03.10"]
[Round "3"]
[White "Halla, Jiri"]
[Black "Reichel, Tomas"]
[Result "1/2-1/2"]
[WhiteElo "1888"]
[BlackElo "1810"]
[PlyCount "39"]
[EventDate "2008.03.08"]
[EventType "swiss"]
[EventRounds "9"]
[EventCountry "CZE"]
[SourceTitle "EXT 2009"]
[Source "ChessBase"]
[SourceDate "2008.11.26"]
[SourceVersion "1"]
[SourceVersionDate "2008.11.26"]
[SourceQuality "1"]

1. b3 d5 2. Bb2 Nc6 3. e3 e5 4. Bb5 Bd6 5. f4 f6 6. fxe5 fxe5 7. Bxc6+ bxc6 8. Bxe5 Qg5 9. Nf3 Qg6 10. 0-0 Nf6 11. Bxd6 cxd6 12. Nc3 0-0 13. Ne2 Ba6 14. Re1 Ne4 15. d3 Rxf3 16. dxe4 Bxe2 17. Qxe2 dxe4 18. Qc4+ d5 19. Qd4 Raf8 20. Rf1 1/2-1/2

[Event "CZE-ch Juniors op-A"]
[Site "Sec u Chrudimi"]
[Date "2008.03.08"]
[Round "1"]
[White "Hubacek, Ondrej"]
[Black "Reichel, Tomas"]
[Result "1/2-1/2"]
[WhiteElo "1987"]
[BlackElo "1719"]
[PlyCount "65"]
[EventDate "2008.03.08"]
[EventType "swiss"]
[EventRounds "9"]
[EventCountry "CZE"]
[SourceTitle "EXT 2009"]
[Source "ChessBase"]
[SourceDate "2008.11.26"]
[SourceVersion "1"]
[SourceVersionDate "2008.11.26"]
[SourceQuality "1"]

1. e4 e5 2. f4 exf4 3. Nf3 Be7 4. Bc4 Bh4+ 5. Kf1 Nc6 6. d4 d6 7. Bxf4 Bg4 8. c3 Qf6 9. Be3 0-0-0 10. Nbd2 Qe7 11. g3 Bh3+ 12. Kf2 Bf6 13. Re1 h5 14. Qa4 h4 15. d5 hxg3+ 16. hxg3 Nb8 17. Qxa7 Nh6 18. Nh2 Ng4+ 19. Nxg4 Bxg4 20. Rh1 Be5 21. Kg2 Qd7 22. Bf2 Bh3+ 23. Kg1 Qg4 24. Qe3 Rh6 25. Be2 Qg6 26. Nc4 Nd7 27. Nxe5 Nxe5 28. Bf3 Rdh8 29. Bg2 Ng4 30. Bxh3 Rxh3 31. Rxh3 Rxh3 32. Qf4 Nxf2 33. Kxf2 1/2-1/2

[Event "CZE-ch Juniors op-A"]
[Site "Sec u Chrudimi"]
[Date "2007.03.15"]
[Round "7"]
[White "Kyselka, Daniel"]
[Black "Reichel, Tomas"]
[Result "0-1"]
[WhiteElo "1689"]
[BlackElo "1726"]
[PlyCount "94"]
[EventDate "2007.03.10"]
[EventType "swiss"]
[EventRounds "9"]
[EventCountry "CZE"]
[SourceTitle "EXT 2008"]
[Source "ChessBase"]
[SourceDate "2007.11.25"]
[SourceVersion "1"]
[SourceVersionDate "2007.11.25"]
[SourceQuality "1"]

1. d4 d5 2. c4 e6 3. Nc3 Nf6 4. Bg5 Be7 5. Nf3 0-0 6. e3 c6 7. Bd3 Na6 8. a3 Nc7 9. c5 Nce8 10. 0-0 Nd7 11. Bxe7 Qxe7 12. b4 e5 13. Be2 e4 14. Ne1 f5 15. Qd2 g5 16. f3 exf3 17. gxf3 Ng7 18. Nc2 Re8 19. Rae1 Nf8 20. Bd3 Ng6 21. e4 dxe4 22. fxe4 f4 23. b5 Bh3 24. Rf2 Qd7 25. Kh1 Nh4 26. Rg1 h6 27. Bc4+ Kh8 28. d5 f3 29. Ne1 Bg2+ 30. Nxg2 fxg2+ 31. Rfxg2 Nxg2 32. Rxg2 cxd5 33. exd5 Nf5 34. Rf2 Ne3 35. Bb3 Rac8 36. c6 bxc6 37. dxc6 Qxd2 38. Rxd2 Rf8 39. h3 Rf1+ 40. Kh2 Rf3 41. Be6 Nf1+ 42. Kg2 Nxd2 43. Nd5 Rcf8 44. c7 Rf2+ 45. Kg3 Ne4+ 46. Kg4 Nd6 47. Ne7 Re8 0-1

[Event "CZE-ch Juniors op-A"]
[Site "Sec u Chrudimi"]
[Date "2007.03.12"]
[Round "4"]
[White "Reichel, Tomas"]
[Black "Vojir, Vaclav"]
[Result "0-1"]
[WhiteElo "1726"]
[BlackElo "1876"]
[PlyCount "108"]
[EventDate "2007.03.10"]
[EventType "swiss"]
[EventRounds "9"]
[EventCountry "CZE"]
[SourceTitle "EXT 2008"]
[Source "ChessBase"]
[SourceDate "2007.11.25"]
[SourceVersion "1"]
[SourceVersionDate "2007.11.25"]
[SourceQuality "1"]

1. e4 c6 2. d4 d5 3. e5 Bf5 4. Bd3 Bxd3 5. Qxd3 e6 6. Nf3 Qb6 7. 0-0 c5 8. c3 Nc6 9. Na3 cxd4 10. cxd4 Bxa3 11. bxa3 Nge7 12. Rb1 Qc7 13. Bd2 0-0 14. Ng5 Ng6 15. Rfc1 Qd7 16. h4 h6 17. h5 hxg5 18. hxg6 fxg6 19. Bxg5 Qf7 20. Be3 Na5 21. f3 Rfc8 22. Bd2 Nc4 23. Bb4 Rc6 24. Kf2 Qf5 25. Qd1 g5 26. g4 Qf4 27. Qd3 Qh2+ 28. Kf1 Kf7 29. Qe2 Rh8 30. Qxh2 Rxh2 31. Be1 Ne3+ 32. Kg1 Rg2+ 33. Kh1 Rxc1 34. Rxc1 Rxa2 35. Rc7+ Kg6 36. Bb4 Nc2 37. Bf8 Kh7 38. Rxg7+ Kh8 39. Rxb7 Nxd4 40. Bc5 Nxf3 41. Bg1 Ra1 42. Kg2 Nxg1 43. Rxa7 Ne2 44. a4 Nf4+ 45. Kf3 Ra3+ 46. Kf2 d4 47. a5 d3 48. Ke3 Ra2 49. a6 Re2+ 50. Kf3 Ra2 51. Ke3 d2 52. Rd7 Nd5+ 53. Ke2 Nc3+ 54. Ke3 d1Q 0-1

[Event "CZE-ch Juniors op-A"]
[Site "Sec u Chrudimi"]
[Date "2007.03.12"]
[Round "3"]
[White "Stary, Lukas"]
[Black "Reichel, Tomas"]
[Result "1-0"]
[WhiteElo "1859"]
[BlackElo "1726"]
[PlyCount "89"]
[EventDate "2007.03.10"]
[EventType "swiss"]
[EventRounds "9"]
[EventCountry "CZE"]
[SourceTitle "EXT 2008"]
[Source "ChessBase"]
[SourceDate "2007.11.25"]
[SourceVersion "1"]
[SourceVersionDate "2007.11.25"]
[SourceQuality "1"]

1. Nf3 d5 2. c4 e6 3. b3 d4 4. Bb2 c5 5. g3 b6 6. Bg2 Bb7 7. 0-0 Nf6 8. d3 Be7 9. b4 0-0 10. Nbd2 Qc7 11. Nb3 e5 12. bxc5 bxc5 13. e4 a5 14. Ng5 h6 15. Nh3 Nc6 16. f4 Rfb8 17. Bc1 Bc8 18. f5 Nb4 19. Nf2 Qb6 20. Nd2 Bd7 21. Nf3 Qd6 22. Nxe5 Ra6 23. Bf4 Rf8 24. Ng6 Qb6 25. Nxe7+ Kh7 26. Rb1 Qa7 27. a3 Na2 28. Qd2 Nc3 29. Rb2 Na4 30. Rb3 Nc3 31. Nd5 Nfxd5 32. cxd5 Ba4 33. Rxc3 dxc3 34. Qxc3 Rd8 35. Be3 Rb8 36. Bxc5 Qd7 37. e5 Bb3 38. e6 fxe6 39. fxe6 Qd8 40. Be4+ Kg8 41. Ng4 Bxd5 42. Qxg7+ Kxg7 43. Rf7+ Kg8 44. Nxh6+ Kh8 45. Rh7# 1-0

[Event "CZE-chT U18 0506"]
[Site "Czech Republic"]
[Date "2006.04.22"]
[Round "6.4"]
[White "Reichel, Tomas"]
[Black "Langner, Jakub"]
[Result "1-0"]
[WhiteElo "1650"]
[BlackElo "1556"]
[PlyCount "49"]
[EventDate "2005.10.08"]
[EventType "team-tourn"]
[EventRounds "11"]
[EventCountry "CZE"]
[SourceTitle "EXT 2009"]
[Source "ChessBase"]
[SourceDate "2008.11.26"]
[SourceVersion "1"]
[SourceVersionDate "2008.11.26"]
[SourceQuality "1"]
[WhiteTeam "Havlickuv Brod"]
[BlackTeam "Frydek Mistek II"]
[WhiteTeamCountry "CZE"]
[BlackTeamCountry "CZE"]

1. e4 c5 2. Nf3 e6 3. d4 cxd4 4. Nxd4 Nf6 5. Nc3 Nc6 6. Be2 Bb4 7. Bg5 Qa5 8. Bxf6 Bxc3+ 9. bxc3 Qxc3+ 10. Kf1 gxf6 11. Nb5 Qe5 12. Nd6+ Ke7 13. Nc4 Qxe4 14. Qd6+ Ke8 15. Qd2 Qd4 16. Qe1 Ne5 17. Rd1 Qc5 18. Nd6+ Ke7 19. Qd2 Rg8 20. Ne4 Qc7 21. Qb4+ Kd8 22. Nxf6 Rh8 23. Qh4 Qa5 24. Nd5+ Ke8 25. Qe7# 1-0

[Event "CZE-chT U18 0506"]
[Site "Czech Republic"]
[Date "2006.01.15"]
[Round "5.5"]
[White "Reichel, Tomas"]
[Black "Odehnalova, Leona"]
[Result "1/2-1/2"]
[WhiteElo "1650"]
[BlackElo "1677"]
[PlyCount "74"]
[EventDate "2005.10.08"]
[EventType "team-tourn"]
[EventRounds "11"]
[EventCountry "CZE"]
[SourceTitle "EXT 2009"]
[Source "ChessBase"]
[SourceDate "2008.11.26"]
[SourceVersion "1"]
[SourceVersionDate "2008.11.26"]
[SourceQuality "1"]
[WhiteTeam "Havlickuv Brod"]
[BlackTeam "Tabor"]
[WhiteTeamCountry "CZE"]
[BlackTeamCountry "CZE"]

1. e4 c5 2. Nf3 Nc6 3. d4 cxd4 4. Nxd4 d6 5. Nc3 Nf6 6. Be2 g6 7. Be3 Bg7 8. Qd2 0-0 9. f3 Bd7 10. 0-0-0 a6 11. g4 b5 12. h4 b4 13. Nd5 Nxd4 14. Nxf6+ Bxf6 15. Bxd4 Bxd4 16. Qxd4 Qa5 17. Bc4 Rfd8 18. Kb1 Rac8 19. h5 e5 20. Qd3 Be6 21. Bxe6 fxe6 22. hxg6 hxg6 23. Rh6 Kg7 24. Rdh1 Qc5 25. Qd2 Rh8 26. Rxh8 Rxh8 27. Rxh8 Qg1+ 28. Qc1 Qxc1+ 29. Kxc1 Kxh8 30. Kd2 Kg7 31. c3 bxc3+ 32. Kxc3 d5 33. b4 Kf7 34. a4 Ke7 35. g5 Kd6 36. Kd3 Kc6 37. Kc3 Kb6 1/2-1/2

[Event "CZE-chT U18 0506"]
[Site "Czech Republic"]
[Date "2006.??.??"]
[Round "2.4"]
[White "Pecha, Tomas"]
[Black "Reichel, Tomas"]
[Result "1/2-1/2"]
[WhiteElo "1952"]
[BlackElo "1650"]
[PlyCount "117"]
[EventDate "2005.10.08"]
[EventType "team-tourn"]
[EventRounds "11"]
[EventCountry "CZE"]
[SourceTitle "EXT 2009"]
[Source "ChessBase"]
[SourceDate "2008.11.26"]
[SourceVersion "1"]
[SourceVersionDate "2008.11.26"]
[SourceQuality "1"]
[WhiteTeam "Frydek Mistek"]
[BlackTeam "Havlickuv Brod"]
[WhiteTeamCountry "CZE"]
[BlackTeamCountry "CZE"]

1. e4 e5 2. Nf3 Nc6 3. Nc3 Nf6 4. Bb5 Nd4 5. Ba4 Bc5 6. d3 0-0 7. Nxd4 Bxd4 8. 0-0 d5 9. Nxd5 Nxd5 10. exd5 Qxd5 11. Bb3 Qc6 12. c3 Bc5 13. Be3 Be7 14. Qe2 Qg6 15. Bc2 Bg4 16. f3 Bf5 17. Kh1 Rfd8 18. Rfd1 Qa6 19. Bf2 Bf6 20. a4 Rd7 21. Rd2 Rad8 22. Rad1 Bg5 23. Be3 Bxe3 24. Qxe3 f6 25. Kg1 Rd6 26. b4 Qb6 27. Kf2 Qxe3+ 28. Kxe3 Kf7 29. g4 Be6 30. d4 exd4+ 31. Rxd4 Rxd4 32. Rxd4 Rxd4 33. Kxd4 b6 34. Be4 Bd7 35. a5 h6 36. c4 Ke7 37. c5 bxa5 38. bxa5 c6 39. Bg6 Kd8 40. h4 Kc7 41. h5 Kb7 42. Bd3 Be6 43. Ke4 Bg8 44. Ke3 Bb3 45. Kd2 Ba4 46. Kc3 Bb5 47. Bf5 Be2 48. Be4 Bd1 49. Kd2 Ba4 50. Kc3 Bb5 51. Bf5 Be2 52. Be4 Kc7 53. Kd2 Bf1 54. Bf5 Bc4 55. Kc3 Bd5 56. f4 Bf3 57. Kd4 Kb7 58. Kc3 Be2 59. Kb4 1/2-1/2